[Event "Zonal Oceania 2009"]
[Site "Tweed Heads AUS"]
[Date "2009.06.20"]
[Round "2.3"]
[White "Oliver, Gareth"]
[Black "Solomon, Stephen"]
[Result "0-1"]
[WhiteElo "2187"]
[BlackElo "2455"]
[PlyCount "130"]
[EventDate "2009.06.20"]
[EventType "swiss"]
[EventRounds "9"]
[EventCountry "AUS"]
[Source "lmi"]
[SourceDate "2009.06.20"]

1. d4 d5 2. c4 e6 3. Nf3 c6 4. Nc3 dxc4 5. a4 Bb4 6. Ne5 c5 7. dxc5 Qd5 8. Bf4
Nf6 9. e3 Nbd7 10. Nxc4 Nxc5 11. Nd6+ Ke7 12. Qc2 Qb3 13. Qxb3 Nxb3 14. Rd1 Nd5
15. Ndb5 Nxf4 16. exf4 Bd7 17. Bc4 Na5 18. Be2 a6 19. Nd4 Bxa4 20. Ra1 Nb3 21.
Nf5+ exf5 22. Rxa4 a5 23. O-O Rhd8 24. Bf3 Nc5 25. Raa1 Bxc3 26. bxc3 a4 27.
Rfb1 a3 28. Rb5 Ne4 29. Rxb7+ Rd7 30. Rb5 Ra4 31. Rxf5 Nxc3 32. Re5+ Kf6 33.
Re3 Rc7 34. Bd1 Rxf4 35. Bb3 Nb5 36. g3 Rb4 37. Rd1 Rc3 38. Rd6+ Nxd6 39. Rxc3
Nb5 40. Rf3+ Ke7 41. Rxf7+ Kd6 42. Ba2 Nc3 43. Rf3 Nxa2 44. Rxa3 Nc1 45. Ra7
Rg4 46. f3 Rg6 47. Kf2 Nd3+ 48. Ke3 Nc5 49. Kf4 Ke6 50. g4 Rf6+ 51. Kg3 Rf7 52.
Ra5 Nd3 53. h4 Rb7 54. Rh5 g6 55. Ra5 Ne5 56. Ra6+ Ke7 57. Kf4 Nf7 58. Kg3 Kf8
59. f4 Rb3+ 60. Kg2 Kg7 61. h5 gxh5 62. g5 Rd3 63. Ra7 h4 64. Rb7 h3+ 65. Kh2
Rf3 0-1

[Event "Zonal Oceania 2009"]
[Site "Tweed Heads AUS"]
[Date "2009.06.20"]
[Round "2.4"]
[White "Xie, George"]
[Black "Morris, James"]
[Result "1/2-1/2"]
[WhiteElo "2402"]
[BlackElo "2114"]
[PlyCount "55"]
[EventDate "2009.06.20"]
[EventType "swiss"]
[EventRounds "9"]
[EventCountry "AUS"]
[Source "lmi"]
[SourceDate "2009.06.20"]

1. e4 c5 2. Nf3 e6 3. c3 Nf6 4. e5 Nd5 5. Bc4 Nc6 6. O-O d6 7. d4 Be7 8. Qe2
O-O 9. Rd1 cxd4 10. cxd4 Na5 11. Bd3 Nb4 12. exd6 Qxd6 13. Nc3 Nxd3 14. Qxd3 b6
15. Ng5 Bxg5 16. Ne4 Qd5 17. Nxg5 f5 18. Nh3 Bb7 19. Nf4 Qd6 20. b4 Nc6 21. b5
Nb4 22. Qb3 Nd5 23. Nd3 Rfe8 24. Bb2 Nf6 25. Ba3 Qd5 26. Nf4 Qxb3 27. axb3 Bd5
28. Rd3 1/2-1/2

[Event "Zonal Oceania 2009"]
[Site "Tweed Heads AUS"]
[Date "2009.06.20"]
[Round "2.5"]
[White "Schon, Eugene"]
[Black "Ambrus, Endre"]
[Result "1-0"]
[WhiteElo "2186"]
[BlackElo "2375"]
[PlyCount "56"]
[EventDate "2009.06.20"]
[EventType "swiss"]
[EventRounds "9"]
[EventCountry "AUS"]
[Source "lmi"]
[SourceDate "2009.06.20"]

1. e4 Nc6 2. Nf3 d6 3. d4 Nf6 4. Nc3 Bg4 5. Be3 e6 6. Be2 Be7 7. d5 exd5 8.
exd5 Bxf3 9. Bxf3 Ne5 10. Be2 O-O 11. f4 Ned7 12. g4 Nc5 13. Qd4 Nfd7 14. g5 a5
15. O-O-O f5 16. h4 Re8 17. h5 Bf8 18. Bf3 Qb8 19. a4 Ra6 20. Bd2 Rb6 21. Nb5
c6 22. dxc6 bxc6 23. Bxc6 Rxc6 24. Qd5+ Kh8 25. Qxc6 Rc8 26. Qd5 Nxa4 27. Bxa5
Rc5 28. h6 Be7 1-0

[Event "Zonal Oceania 2009"]
[Site "Tweed Heads AUS"]
[Date "2009.06.20"]
[Round "2.6"]
[White "Lane, Gary"]
[Black "Stead, Kerry"]
[Result "1-0"]
[WhiteElo "2371"]
[BlackElo "2087"]
[PlyCount "99"]
[EventDate "2009.06.20"]
[EventType "swiss"]
[EventRounds "9"]
[EventCountry "AUS"]
[Source "lmi"]
[SourceDate "2009.06.20"]

1. e4 g6 2. d4 Bg7 3. Nc3 c6 4. Bc4 b5 5. Bb3 b4 6. Nce2 d5 7. exd5 cxd5 8. Bd2
a5 9. a3 bxa3 10. Rxa3 Nc6 11. Nf3 e6 12. Ba4 Nge7 13. Ne5 Bd7 14. Nxd7 Qxd7
15. h4 O-O 16. h5 Nf5 17. Rah3 Rfc8 18. hxg6 hxg6 19. g4 Nfxd4 20. Nxd4 Bxd4
21. Bg5 Bg7 22. Qf3 f5 23. Rh7 Qd6 24. Qh3 Qe5+ 25. Kf1 Nd4 26. Be3 Nxc2 27.
Bxc2 Rxc2 28. Rh8+ Bxh8 29. Qh7+ Kf8 30. Qxh8+ Qxh8 31. Rxh8+ Ke7 32. Rxa8 Rxb2
33. gxf5 gxf5 34. Rxa5 Rc2 35. Ra7+ Kf6 36. Bd4+ Kg5 37. Be5 f4 38. Rf7 Rc4 39.
f3 Ra4 40. Kg2 Rc4 41. Kh3 Ra4 42. Bd6 Rc4 43. Be7+ Kh5 44. Rf6 Kg5 45. Rxe6+
Kf5 46. Rf6+ Ke5 47. Kg4 Rc1 48. Rf5+ Ke6 49. Ba3 Rc3 50. Bb2 1-0

[Event "Zonal Oceania 2009"]
[Site "Tweed Heads AUS"]
[Date "2009.06.20"]
[Round "2.7"]
[White "Krstev, Mario"]
[Black "West, Guy"]
[Result "0-1"]
[WhiteElo "2086"]
[BlackElo "2343"]
[PlyCount "92"]
[EventDate "2009.06.20"]
[EventType "swiss"]
[EventRounds "9"]
[EventCountry "AUS"]
[Source "lmi"]
[SourceDate "2009.06.20"]

1. d4 Nf6 2. c4 c5 3. d5 b5 4. cxb5 a6 5. b6 Qxb6 6. a4 d6 7. Nc3 g6 8. a5 Qa7
9. e4 Bg7 10. Bd3 O-O 11. h3 e6 12. Nge2 exd5 13. exd5 Re8 14. O-O Nbd7 15. Ng3
Qc7 16. Bc2 Rb8 17. f4 Rb4 18. Re1 Rxe1+ 19. Qxe1 Bb7 20. Na2 Rd4 21. Ne2 Rxd5
22. Nac3 Rd4 23. Na2 Rc4 24. Bd3 Ra4 25. Bd2 Qc6 26. Qf1 Ne4 27. Bxe4 Qxe4 28.
Bc3 Qe3+ 29. Kh2 Nf6 30. Re1 Ne4 31. Bxg7 Kxg7 32. Nac3 Nxc3 33. Nxc3 Qxf4+ 34.
Qxf4 Rxf4 35. Re7 Rb4 36. Re2 d5 37. Rc2 d4 38. Na2 Rb5 39. Nc1 Be4 40. Re2 d3
41. Rd2 c4 42. Na2 Rxa5 43. Nc3 f5 44. Kg3 Bc6 45. Kf4 Ra1 46. Ke3 Rg1 0-1

[Event "Zonal Oceania 2009"]
[Site "Tweed Heads AUS"]
[Date "2009.06.20"]
[Round "2.8"]
[White "Ly, Moulthun"]
[Black "Brown, Andrew"]
[Result "1-0"]
[WhiteElo "2340"]
[BlackElo "2085"]
[PlyCount "77"]
[EventDate "2009.06.20"]
[EventType "swiss"]
[EventRounds "9"]
[EventCountry "AUS"]
[Source "lmi"]
[SourceDate "2009.06.20"]

1. e4 c5 2. Nf3 Nc6 3. d4 cxd4 4. Nxd4 Nf6 5. Nc3 e5 6. Ndb5 d6 7. Bg5 a6 8.
Na3 b5 9. Bxf6 gxf6 10. Nd5 Bg7 11. c3 f5 12. exf5 Bxf5 13. Nc2 O-O 14. Nce3
Be6 15. Bd3 f5 16. Qh5 e4 17. Bc2 Ne7 18. Nf4 Bf7 19. Bb3 Bxb3 20. axb3 Qd7 21.
O-O Be5 22. Nfd5 Nxd5 23. Nxd5 Qb7 24. Rad1 a5 25. f4 Bg7 26. Kh1 a4 27. Ne3
axb3 28. Nxf5 Ra2 29. Nxd6 Qc6 30. Qg4 Rf6 31. Nf5 Rxf5 32. Qxf5 Ra8 33. Rfe1
b4 34. Rxe4 bxc3 35. bxc3 b2 36. Ree1 Bxc3 37. Re7 Qg6 38. Qd5+ Kf8 39. Re6 1-0

[Event "Zonal Oceania 2009"]
[Site "Tweed Heads AUS"]
[Date "2009.06.20"]
[Round "2.9"]
[White "Nakauchi, Gene"]
[Black "Bjelobrk, Igor"]
[Result "1/2-1/2"]
[WhiteElo "2076"]
[BlackElo "2332"]
[PlyCount "65"]
[EventDate "2009.06.20"]
[EventType "swiss"]
[EventRounds "9"]
[EventCountry "AUS"]
[Source "lmi"]
[SourceDate "2009.06.20"]

1. d4 d5 2. c4 c6 3. cxd5 cxd5 4. Nc3 Nf6 5. Bf4 Nc6 6. e3 e6 7. Bd3 Bd6 8.
Bxd6 Qxd6 9. f4 O-O 10. Nf3 Bd7 11. Rc1 Rfc8 12. O-O Be8 13. Qe2 a6 14. Ne5 Rc7
15. a3 Rac8 16. Rc2 Na5 17. Rf3 Nc4 18. Bxc4 dxc4 19. Rf1 b5 20. a4 Bc6 21.
Nxc6 Qxc6 22. g4 Ne8 23. Qg2 Nd6 24. Qxc6 Rxc6 25. e4 Kf8 26. Kf2 Rb8 27. e5
Ne8 28. d5 exd5 29. Nxd5 Rd8 30. Rd1 Rc7 31. Rcd2 Rcd7 32. Ke2 a5 33. Ne3
1/2-1/2

[Event "Zonal Oceania 2009"]
[Site "Tweed Heads AUS"]
[Date "2009.06.20"]
[Round "2.10"]
[White "Canfell, Gregory"]
[Black "Vlietstra, Marc"]
[Result "1-0"]
[WhiteElo "2327"]
[BlackElo "2075"]
[PlyCount "95"]
[EventDate "2009.06.20"]
[EventType "swiss"]
[EventRounds "9"]
[EventCountry "AUS"]
[Source "lmi"]
[SourceDate "2009.06.20"]

1. e4 c5 2. Nf3 d6 3. d4 cxd4 4. Nxd4 Nf6 5. Nc3 g6 6. Be3 Bg7 7. f3 Nc6 8. Qd2
O-O 9. O-O-O d5 10. exd5 Nxd5 11. Nxc6 bxc6 12. Nxd5 cxd5 13. Bh6 Bxh6 14. Qxh6
Qa5 15. a3 Rb8 16. Qd2 Qb6 17. Qd4 Qb7 18. h4 Be6 19. h5 Qb6 20. hxg6 fxg6 21.
Qxb6 Rxb6 22. Rh4 Rfb8 23. b3 Rc6 24. Kb2 Rbc8 25. Bd3 Bf5 26. Bxf5 gxf5 27.
Rd2 e6 28. Re2 R8c7 29. Rh6 Re7 30. Rf6 Rg7 31. Rfxe6 Rxe6 32. Rxe6 Rxg2 33.
Re5 d4 34. Kc1 Kg7 35. Rxf5 Kg6 36. Rf4 h5 37. Rxd4 Kg5 38. Rd7 Rf2 39. Rxa7
Rxf3 40. a4 h4 41. Rh7 Rf5 42. b4 Kg4 43. a5 Kg3 44. a6 Rf8 45. b5 h3 46. a7
Ra8 47. b6 Kg2 48. c4 1-0

[Event "Zonal Oceania 2009"]
[Site "Tweed Heads AUS"]
[Date "2009.06.20"]
[Round "2.11"]
[White "Jones, Brian"]
[Black "Garbett, Paul"]
[Result "0-1"]
[WhiteElo "2062"]
[BlackElo "2319"]
[PlyCount "74"]
[EventDate "2009.06.20"]
[EventType "swiss"]
[EventRounds "9"]
[EventCountry "AUS"]
[Source "lmi"]
[SourceDate "2009.06.20"]

1. Nf3 d6 2. g3 e5 3. d3 g6 4. Bg2 Bg7 5. O-O Ne7 6. c3 c5 7. Nbd2 Nbc6 8. e4
O-O 9. Re1 h6 10. Nf1 Be6 11. Be3 b6 12. Qd2 Kh7 13. d4 exd4 14. cxd4 Bg4 15.
d5 Na5 16. Rac1 f5 17. h3 fxe4 18. Ng5+ hxg5 19. hxg4 b5 20. Bxg5 Nc4 21. Rxc4
bxc4 22. Bxe4 Bf6 23. f4 Ng8 24. Bb1 Bxg5 25. fxg5 Re8 26. Re6 Rxe6 27. dxe6
Qe7 28. Be4 Rb8 29. Bd5 Rb4 30. a3 Rb6 31. Bxc4 Qf8 32. Qh2+ Kg7 33. b3 Ne7 34.
Qb2+ Kg8 35. Qf6 d5 36. Bxd5 Qxf6 37. gxf6 Nxd5 0-1

[Event "Zonal Oceania 2009"]
[Site "Tweed Heads AUS"]
[Date "2009.06.20"]
[Round "2.13"]
[White "Chan, Jason"]
[Black "Feldman, Vladimir"]
[Result "1-0"]
[WhiteElo "2056"]
[BlackElo "2298"]
[PlyCount "56"]
[EventDate "2009.06.20"]
[EventType "swiss"]
[EventRounds "9"]
[EventCountry "AUS"]
[Source "lmi"]
[SourceDate "2009.06.20"]

1. e4 c5 2. Nf3 d6 3. d3 Nc6 4. g3 g6 5. Bg2 Bg7 6. O-O Rb8 7. h3 e6 8. c3 Nge7
9. d4 cxd4 10. cxd4 O-O 11. Nc3 b5 12. Bf4 b4 13. Ne2 Ba6 14. Re1 Rc8 15. Qd2
d5 16. e5 Qb6 17. g4 b3 18. Ng3 Nb4 19. Bh6 Rc2 20. Qe3 Bxh6 21. Qxh6 f6 22.
exf6 Rxf6 23. Ng5 Rf7 24. Qxh7+ Kf8 25. Bf3 Rxf3 26. Nxf3 Nd3 27. Qh8+ Ng8 28.
Rf1 Kf7 1-0

[Event "Zonal Oceania 2009"]
[Site "Tweed Heads AUS"]
[Date "2009.06.20"]
[Round "2.14"]
[White "Rujevic, Mirko"]
[Black "Kempen, Leon"]
[Result "1-0"]
[WhiteElo "2282"]
[BlackElo "2050"]
[PlyCount "89"]
[EventDate "2009.06.20"]
[EventType "swiss"]
[EventRounds "9"]
[EventCountry "AUS"]
[Source "lmi"]
[SourceDate "2009.06.20"]

1. e4 Nf6 2. e5 Nd5 3. d4 d6 4. Nf3 Bg4 5. Bc4 e6 6. Qe2 dxe5 7. dxe5 Be7 8. h3
Bxf3 9. Qxf3 c6 10. O-O Nd7 11. Re1 Qc7 12. Qe2 Qb6 13. Nd2 O-O 14. Nf3 Bc5 15.
Bd3 g6 16. a3 Qd8 17. c4 N5b6 18. Bh6 Re8 19. Rad1 Qc7 20. Qe4 Bf8 21. Qh4 Rad8
22. Ng5 Be7 23. Qf4 Bxg5 24. Bxg5 Rc8 25. h4 f5 26. h5 Nf8 27. g4 Qf7 28. h6 c5
29. Bc2 Rc6 30. Rd3 Qc7 31. Red1 fxg4 32. Bf6 Qf7 33. Qxg4 Rc7 34. Rd6 Rd7 35.
Bg7 Rxd6 36. Rxd6 Nfd7 37. b4 Nc8 38. Rd3 Re7 39. Rf3 Qe8 40. bxc5 Rxg7 41.
hxg7 Kxg7 42. Ba4 Qe7 43. Bxd7 Qxd7 44. Qf4 Ne7 45. Qf8# 1-0

[Event "Zonal Oceania 2009"]
[Site "Tweed Heads AUS"]
[Date "2009.06.20"]
[Round "2.15"]
[White "Bennett, Hilton"]
[Black "Smith, Robert"]
[Result "0-1"]
[WhiteElo "2028"]
[BlackElo "2274"]
[PlyCount "87"]
[EventDate "2009.06.20"]
[EventType "swiss"]
[EventRounds "9"]
[EventCountry "AUS"]
[Source "lmi"]
[SourceDate "2009.06.20"]

1. e4 c5 2. Nc3 a6 3. f4 e6 4. Nf3 Nc6 5. g3 d5 6. d3 dxe4 7. Nxe4 Be7 8. Bg2
Nf6 9. O-O Qc7 10. Re1 O-O 11. Nf2 Rd8 12. b3 Bd7 13. Bb2 Be8 14. Qe2 Rac8 15.
Ne4 Nd4 16. Nxd4 cxd4 17. Nxf6+ Bxf6 18. Rac1 Bc6 19. Be4 g6 20. a4 b5 21. axb5
axb5 22. Bxc6 Qxc6 23. Qg2 Rd5 24. Kf1 h5 25. Re2 Ra8 26. Ra1 Rxa1+ 27. Bxa1
Qa6 28. Re1 Rc5 29. Qd2 Qc6 30. Qg2 Qxg2+ 31. Kxg2 Rxc2+ 32. Kf3 Rxh2 33. Ke4
Rh3 34. Bxd4 Bxd4 35. Kxd4 Rxg3 36. Rd1 Rf3 37. Kc5 Rxf4 38. Kxb5 g5 39. b4 g4
40. Kc5 Rf2 41. b5 g3 42. b6 Rb2 43. Rg1 h4 44. Kc6 0-1

[Event "Zonal Oceania 2009"]
[Site "Tweed Heads AUS"]
[Date "2009.06.20"]
[Round "2.16"]
[White "Lester, George"]
[Black "Scott, Ronald"]
[Result "0-1"]
[WhiteElo "1801"]
[BlackElo "2261"]
[PlyCount "68"]
[EventDate "2009.06.20"]
[EventType "swiss"]
[EventRounds "9"]
[EventCountry "AUS"]
[Source "lmi"]
[SourceDate "2009.06.20"]

1. d4 Nf6 2. c4 c5 3. d5 e6 4. Nc3 exd5 5. cxd5 d6 6. e4 g6 7. Bd3 Bg7 8. h3
O-O 9. Nf3 Na6 10. O-O Nc7 11. Re1 Re8 12. a4 Rb8 13. Bf4 a6 14. a5 b5 15. axb6
Rxb6 16. Qc2 Rb4 17. Ra4 Rb8 18. Raa1 Rb4 19. Ra4 Rb6 20. Raa1 Nb5 21. Nxb5
axb5 22. Ra7 Ra6 23. Rxa6 Bxa6 24. Qd2 Qb6 25. Bb1 Nd7 26. Be3 b4 27. Qc1 Bb5
28. b3 Qa6 29. Bh6 Bc3 30. Re3 Qa1 31. Bf4 Ra8 32. Ne1 Ne5 33. Rg3 Bxe1 34.
Qxe1 Nd3 0-1

[Event "Zonal Oceania 2009"]
[Site "Tweed Heads AUS"]
[Date "2009.06.20"]
[Round "2.17"]
[White "Steadman, Michael"]
[Black "Stahnke, Alexander"]
[Result "1-0"]
[WhiteElo "2262"]
[BlackElo "1795"]
[PlyCount "52"]
[EventDate "2009.06.20"]
[EventType "swiss"]
[EventRounds "9"]
[EventCountry "AUS"]
[Source "lmi"]
[SourceDate "2009.06.20"]

1. d4 Nf6 2. c4 g6 3. Nc3 Bg7 4. e4 O-O 5. Bd3 d6 6. Nge2 Nbd7 7. O-O e5 8. d5
Ne8 9. Be3 f5 10. exf5 gxf5 11. f4 b6 12. Rc1 Nc5 13. Bb1 a5 14. b3 Bd7 15. Rf3
Nf6 16. Kh1 Ng4 17. Bg1 Rf6 18. Qe1 Rh6 19. h3 Nf6 20. Qh4 Qe8 21. fxe5 Qg6 22.
Qxf6 Kh8 23. Rf2 Re8 24. Nd4 Ne4 25. Bxe4 fxe4 26. Nde2 Bf5 1-0

[Event "Zonal Oceania 2009"]
[Site "Tweed Heads AUS"]
[Date "2009.06.20"]
[Round "2.18"]
[White "Marcos, Joselito"]
[Black "Juszczynski, Mathew"]
[Result "1-0"]
[WhiteElo "2200"]
[BlackElo "1914"]
[PlyCount "61"]
[EventDate "2009.06.20"]
[EventType "swiss"]
[EventRounds "9"]
[EventCountry "AUS"]
[Source "lmi"]
[SourceDate "2009.06.20"]

1. d4 d5 2. Nf3 Nf6 3. Bg5 Ne4 4. h4 c5 5. e3 Nc6 6. Nbd2 Bg4 7. Bd3 Nxd2 8.
Qxd2 Bxf3 9. gxf3 cxd4 10. exd4 Nxd4 11. Qe3 Qa5+ 12. Kf1 Nc6 13. c3 f6 14. b4
Qc7 15. Bf4 e5 16. Bg3 Be7 17. h5 O-O-O 18. b5 d4 19. Qe4 Na5 20. cxd4 Qc3 21.
Kg2 Qxd4 22. Qf5+ Qd7 23. f4 e4 24. Bxe4 Qxf5 25. Bxf5+ Kb8 26. Be6 Rd2 27.
Rhd1 Rxd1 28. Rxd1 Rd8 29. f5+ Ka8 30. Rc1 a6 31. Bc7 1-0

[Event "Zonal Oceania 2009"]
[Site "Tweed Heads AUS"]
[Date "2009.06.20"]
[Round "2.19"]
[White "Cheng, Bobby"]
[Black "Rachmadi, Herman"]
[Result "1-0"]
[WhiteElo "2103"]
[BlackElo "1842"]
[PlyCount "85"]
[EventDate "2009.06.20"]
[EventType "swiss"]
[EventRounds "9"]
[EventCountry "AUS"]
[Source "lmi"]
[SourceDate "2009.06.20"]

1. d4 Nf6 2. c4 g6 3. Nc3 Bg7 4. e4 d6 5. h3 O-O 6. Bg5 h6 7. Be3 e5 8. d5 Ne8
9. Qd2 Kh7 10. g4 a5 11. Bd3 Na6 12. Nf3 Nc5 13. Bc2 c6 14. dxc6 bxc6 15. Bxc5
Qf6 16. Be3 Qxf3 17. Rg1 Ba6 18. Bd1 Qf6 19. g5 hxg5 20. Bxg5 Qe6 21. b3 f6 22.
Be3 f5 23. exf5 gxf5 24. Bh5 f4 25. Bb6 Rf6 26. Ne4 Bh6 27. Qd3 Kh8 28. Bxe8
Rxe8 29. Nxf6 Qxf6 30. Rg6 e4 31. Qd4 Qxd4 32. Bxd4+ Kh7 33. Rxd6 Bc8 34. Rxc6
Bxh3 35. O-O-O Bg2 36. Bc3 Re7 37. Rdd6 Bg5 38. Rc8 Rg7 39. Bxg7 Kxg7 40. Rc7+
Kf8 41. Rb6 f3+ 42. Kd1 Bd8 43. Rb8 1-0

[Event "Zonal Oceania 2009"]
[Site "Tweed Heads AUS"]
[Date "2009.06.20"]
[Round "2.22"]
[White "Fitzpatrick, Andrew"]
[Black "Goundar, Sanmogam"]
[Result "1-0"]
[WhiteElo "2022"]
[BlackElo "1903"]
[PlyCount "41"]
[EventDate "2009.06.20"]
[EventType "swiss"]
[EventRounds "9"]
[EventCountry "AUS"]
[Source "lmi"]
[SourceDate "2009.06.20"]

1. e4 c5 2. c3 d5 3. exd5 Qxd5 4. d4 e6 5. Nf3 Nf6 6. Bd3 Be7 7. O-O O-O 8. Be3
cxd4 9. cxd4 Nc6 10. Nc3 Qd6 11. Rc1 b6 12. Qe2 Bb7 13. Rfd1 Rac8 14. Ne4 Qb8
15. Nfg5 g6 16. Qf3 Kg7 17. Nxf6 Bxf6 18. Nxh7 Kxh7 19. Qxf6 Nb4 20. Qh4+ Kg8
21. Bh6 1-0

[Event "Zonal Oceania 2009"]
[Site "Tweed Heads AUS"]
[Date "2009.06.20"]
[Round "2.23"]
[White "Jule, Sebastian"]
[Black "Kumar, Manoj"]
[Result "0-1"]
[WhiteElo "1847"]
[BlackElo "2017"]
[PlyCount "102"]
[EventDate "2009.06.20"]
[EventType "swiss"]
[EventRounds "9"]
[EventCountry "AUS"]
[Source "lmi"]
[SourceDate "2009.06.20"]

1. d4 Nf6 2. c4 e6 3. Nf3 b6 4. g3 Ba6 5. Qa4 Be7 6. Bg2 Bb7 7. Nc3 O-O 8. O-O
Ne4 9. Nxe4 Bxe4 10. Rd1 d6 11. h4 Qd7 12. Qxd7 Nxd7 13. Be3 Nf6 14. Rac1 c5
15. dxc5 bxc5 16. Bf4 Rfd8 17. Ng5 Bxg2 18. Kxg2 a5 19. Rc3 a4 20. f3 d5 21.
Bc7 Rd7 22. Be5 Rb7 23. Rc2 Nd7 24. Bf4 Nf6 25. Be5 Nd7 26. Bf4 e5 27. Bc1 Bxg5
28. hxg5 d4 29. e3 Nf8 30. f4 Ne6 31. exd4 Nxd4 32. Rf2 Re8 33. Re1 e4 34. Be3
Rb4 35. Rc1 Reb8 36. Rd1 Rxc4 37. Rfd2 Rd8 38. g4 Kf8 39. f5 Ke7 40. Kg3 Ne2+
41. Kf2 Rxd2 42. Bxd2 Nd4 43. Bc3 Kd6 44. Rh1 a3 45. Rc1 axb2 46. Bxb2 Rxc1 47.
Bxc1 Kd5 48. Bb2 g6 49. a4 gxf5 50. gxf5 Nf3 51. a5 Kc6 0-1

[Event "Zonal Oceania 2009"]
[Site "Tweed Heads AUS"]
[Date "2009.06.20"]
[Round "2.25"]
[White "Encel, Benjamin"]
[Black "Stevens, Tristan"]
[Result "1/2-1/2"]
[WhiteElo "1838"]
[BlackElo "2006"]
[PlyCount "99"]
[EventDate "2009.06.20"]
[EventType "swiss"]
[EventRounds "9"]
[EventCountry "AUS"]
[Source "lmi"]
[SourceDate "2009.06.20"]

1. e4 e5 2. Nf3 f5 3. Nxe5 Nc6 4. Nxc6 dxc6 5. Nc3 Bc5 6. Bc4 Bxf2+ 7. Kxf2
Qd4+ 8. Kf1 Qxc4+ 9. Qe2 Qxe2+ 10. Kxe2 fxe4 11. Nxe4 Bf5 12. d3 Bxe4 13. dxe4
Nf6 14. e5 Ng4 15. Bf4 O-O 16. Rhf1 Rae8 17. Rae1 Nxe5 18. Bxe5 Rxe5+ 19. Kd2
Rxe1 20. Rxe1 Rf2+ 21. Re2 Rxe2+ 22. Kxe2 Kf7 23. Ke3 Ke6 24. Ke4 c5 25. c4 g6
26. h3 g5 27. a3 a5 28. a4 c6 29. g3 Kf6 30. h4 h6 31. h5 Ke6 32. g4 Kf6 33.
Kd3 Ke5 34. Ke3 Kd6 35. Ke4 Ke6 36. Kd3 Ke5 37. Ke3 b6 38. b3 Kf6 39. Ke4 Ke6
40. Kd3 Ke7 41. Ke3 Kd6 42. Kd3 b5 43. Ke2 Ke5 44. axb5 cxb5 45. cxb5 Kd6 46.
Kd3 Kc7 47. Kc3 Kb7 48. Kd3 Ka7 49. Kc3 Kb7 50. Kd3 1/2-1/2

[Event "Zonal Oceania 2009"]
[Site "Tweed Heads AUS"]
[Date "2009.06.20"]
[Round "2.26"]
[White "Spiller, Paul"]
[Black "Sannidhanam, Anurag"]
[Result "1/2-1/2"]
[WhiteElo "2005"]
[BlackElo "1705"]
[PlyCount "34"]
[EventDate "2009.06.20"]
[EventType "swiss"]
[EventRounds "9"]
[EventCountry "AUS"]
[Source "lmi"]
[SourceDate "2009.06.20"]

1. f4 d5 2. b3 c5 3. e3 Nc6 4. Bb2 Bf5 5. Nf3 Nf6 6. Bb5 Qb6 7. Bxc6+ Qxc6 8.
O-O e6 9. Ne5 Qc7 10. d3 Bd6 11. Nd2 g5 12. e4 gxf4 13. Nxf7 Qxf7 14. exf5 d4
15. fxe6 Qg6 16. Qf3 Rg8 17. Qxb7 Rb8 1/2-1/2

[Event "Zonal Oceania 2009"]
[Site "Tweed Heads AUS"]
[Date "2009.06.20"]
[Round "2.27"]
[White "Egan, Bill"]
[Black "Weller, Tony"]
[Result "0-1"]
[WhiteElo "1795"]
[BlackElo "1987"]
[PlyCount "111"]
[EventDate "2009.06.20"]
[EventType "swiss"]
[EventRounds "9"]
[EventCountry "AUS"]
[Source "lmi"]
[SourceDate "2009.06.20"]

1. d4 Nf6 2. c4 e6 3. Nc3 d5 4. cxd5 exd5 5. Bf4 c6 6. e3 Bf5 7. Bd3 Bxd3 8.
Qxd3 Bb4 9. a3 Qa5 10. Nge2 Ne4 11. O-O Bxc3 12. Nxc3 Nxc3 13. Qxc3 Qxc3 14.
bxc3 Nd7 15. Rab1 b5 16. Rfe1 O-O 17. e4 dxe4 18. Rxe4 Nf6 19. Re2 Nd5 20. Bd2
Rab8 21. Rc1 Nb6 22. Bf4 Rbe8 23. Rce1 Rxe2 24. Rxe2 Nd5 25. Bd6 Ra8 26. Bb4 g6
27. Ba5 Rc8 28. Bb4 f6 29. Kf1 Kf7 30. g3 h5 31. Ke1 Re8 32. Rxe8 Kxe8 33. Ke2
Kd7 34. Kd3 a6 35. Ke4 Ke6 36. Ba5 f5+ 37. Kd3 Nf6 38. f3 Kd5 39. Bd8 Nd7 40.
h3 c5 41. g4 hxg4 42. hxg4 cxd4 43. cxd4 Nf8 44. gxf5 gxf5 45. Bf6 Ne6 46. Be5
a5 47. Kc3 Ng5 48. Bc7 Nxf3 49. Bxa5 Nxd4 50. Bb6 Nc6 51. Kb3 f4 52. Bf2 Ne5
53. a4 Nd3 54. Bh4 Nc5+ 55. Kb4 bxa4 56. Bf2 0-1

[Event "Zonal Oceania 2009"]
[Site "Tweed Heads AUS"]
[Date "2009.06.20"]
[Round "2.28"]
[White "Milligan, Helen"]
[Black "Hughes, Harry"]
[Result "1-0"]
[WhiteElo "1985"]
[BlackElo "1554"]
[PlyCount "47"]
[EventDate "2009.06.20"]
[EventType "swiss"]
[EventRounds "9"]
[EventCountry "AUS"]
[Source "lmi"]
[SourceDate "2009.06.20"]

1. e4 c5 2. Nf3 e6 3. d4 cxd4 4. Nxd4 Nf6 5. Bd3 Nc6 6. Be3 d6 7. Nc3 Be7 8.
O-O Bd7 9. Kh1 a6 10. a4 b6 11. f4 Qb8 12. Qf3 Rg8 13. e5 Nxd4 14. Bxd4 Nd5 15.
Nxd5 exd5 16. Qxd5 Qc8 17. exd6 Bc6 18. Qe5 Bxg2+ 19. Kxg2 Qc6+ 20. Be4 Qxd6
21. Qxd6 Bxd6 22. Bxa8 Kd7 23. Bd5 Rf8 24. Bxb6 1-0

[Event "Zonal Oceania 2009"]
[Site "Tweed Heads AUS"]
[Date "2009.06.20"]
[Round "2.29"]
[White "Searle, Zachary"]
[Black "Muller, Jonas"]
[Result "0-1"]
[WhiteElo "1791"]
[BlackElo "1981"]
[PlyCount "54"]
[EventDate "2009.06.20"]
[EventType "swiss"]
[EventRounds "9"]
[EventCountry "AUS"]
[Source "lmi"]
[SourceDate "2009.06.20"]

1. e4 c5 2. Nf3 Nc6 3. d4 cxd4 4. Nxd4 Nf6 5. Nc3 e5 6. Ndb5 d6 7. Bg5 a6 8.
Na3 b5 9. Nd5 Be7 10. Bxf6 Bxf6 11. c3 O-O 12. Nc2 Bg5 13. Be2 Ne7 14. Nce3
Bxe3 15. Nxe3 Bb7 16. Bf3 Qb6 17. O-O Rad8 18. Qd3 d5 19. Nxd5 Nxd5 20. exd5 f5
21. Qc2 e4 22. Be2 Bxd5 23. a4 f4 24. axb5 axb5 25. c4 Rc8 26. b3 f3 27. gxf3
Qg6+ 0-1

[Event "Zonal Oceania 2009"]
[Site "Tweed Heads AUS"]
[Date "2009.06.20"]
[Round "2.31"]
[White "Raicar, Gaurav"]
[Black "Tan, Kevin"]
[Result "0-1"]
[WhiteElo "1560"]
[BlackElo "1956"]
[PlyCount "60"]
[EventDate "2009.06.20"]
[EventType "swiss"]
[EventRounds "9"]
[EventCountry "AUS"]
[Source "lmi"]
[SourceDate "2009.06.20"]

1. d4 Nf6 2. Nf3 g6 3. c4 Bg7 4. Nc3 O-O 5. e3 d6 6. Bd3 Nbd7 7. O-O c5 8. d5
Nb6 9. b3 Nfxd5 10. cxd5 Bxc3 11. Rb1 Nxd5 12. Bxg6 hxg6 13. Qxd5 Qc7 14. h4
Be6 15. Qd3 Bf6 16. Bb2 Bxb2 17. Rxb2 Bg4 18. Ng5 Qd7 19. g3 Bf5 20. e4 Be6 21.
g4 Kg7 22. Rd2 Rh8 23. Kg2 f6 24. Qc3 Kg8 25. Nxe6 Qxe6 26. Qc4 Qxc4 27. bxc4
a6 28. a4 b5 29. axb5 axb5 30. cxb5 Rb8 0-1